| 000 | 00382nam a2200133Ia 4500 | ||
|---|---|---|---|
| 005 | 20260328104245.0 | ||
| 008 | 260328s9999||||xx |||||||||||||| ||und|| | ||
| 100 | _aRodrÃguez, Alfredo | ||
| 245 | 0 |
_aSegregacion Residencial y desmovilizacion politica en el caso Lima / _cAlfredo RodrÃguez |
|
| 260 | _bSiap | ||
| 300 | _a123 p. | ||
| 650 | _aARQUITECTURA RESIDENCIAL | ||
| 942 | _cBK | ||
| 999 |
_c10041 _d10041 |
||